000 00413nam a22001571a 4500
082 _aM301
_bNEE/M
100 _aNeelakanda Pillai Karoor
245 _aMeenkari/
_cby Neelakanda Pillai Karoor
250 _a5th
260 _aKottayam:
_bSahitya Pravartaka Co-operative Society,
_c2011.
300 _a72p.
650 _aNovel Malayalam
650 _aLiterature Malayalam
650 _aLiterature
942 _cBK
999 _c28551
_d28551